[Event "Stuttgart-chA int"]
[Site "Ditzingen"]
[Date "2006.05.28"]
[Round "7"]
[White "Kuttruf, Andrei"]
[Black "Gehres, Jens"]
[Result "1/2-1/2"]
[WhiteElo "2050"]
[BlackElo "1921"]
[PlyCount "42"]
[EventDate "2006.05.25"]
[EventType "swiss"]
[EventRounds "7"]
[EventCountry "GER"]
[SourceTitle "EXT 2018"]
[Source "ChessBase"]
[SourceDate "2017.10.13"]
[SourceVersion "1"]
[SourceVersionDate "2017.10.13"]
[SourceQuality "1"]

1. d4 d5 2. Nf3 Nf6 3. c4 c6 4. e3 a6 5. Nbd2 Bf5 6. b3 e6 7. Bb2 Nbd7 8. Be2 h6 9. 0-0 Be7 10. Rc1 0-0 11. a3 a5 12. Ne1 Bd6 13. Bd3 Bxd3 14. Nxd3 Qe7 15. c5 Bc7 16. Nf3 Ne4 17. b4 f6 18. Nh4 Qf7 19. f4 g5 20. Nf3 g4 21. Nd2 Qg6 1/2-1/2

[Event "Stuttgart-chA int"]
[Site "Ditzingen"]
[Date "2006.05.27"]
[Round "6"]
[White "Gehres, Jens"]
[Black "Doll, Michael"]
[Result "0-1"]
[WhiteElo "1921"]
[BlackElo "2170"]
[PlyCount "64"]
[EventDate "2006.05.25"]
[EventType "swiss"]
[EventRounds "7"]
[EventCountry "GER"]
[SourceTitle "EXT 2018"]
[Source "ChessBase"]
[SourceDate "2017.10.13"]
[SourceVersion "1"]
[SourceVersionDate "2017.10.13"]
[SourceQuality "1"]

1. Nf3 d5 2. c4 c6 3. e3 Nf6 4. Nc3 a6 5. Qc2 e6 6. d4 c5 7. Be2 Nc6 8. dxc5 Bxc5 9. 0-0 0-0 10. cxd5 exd5 11. Rd1 Nb4 12. Qd2 Be6 13. a3 Nc6 14. b4 Be7 15. Bb2 Qc7 16. Rac1 Rad8 17. b5 axb5 18. Nxb5 Qb6 19. Nfd4 Ne4 20. Qe1 Ra8 21. f3 Nf6 22. g4 Rfc8 23. g5 Ne8 24. f4 Nxd4 25. Bxd4 Qd8 26. Rxc8 Qxc8 27. Rc1 Qd7 28. Qc3 Bf5 29. Bd3 Bh3 30. Be2 Ra6 31. Qb3 h6 32. Bc5 Rc6 0-1

[Event "Stuttgart-chA int"]
[Site "Ditzingen"]
[Date "2006.05.26"]
[Round "4"]
[White "Gehres, Jens"]
[Black "Huhn, Stefan"]
[Result "1-0"]
[WhiteElo "1921"]
[BlackElo "2056"]
[PlyCount "79"]
[EventDate "2006.05.25"]
[EventType "swiss"]
[EventRounds "7"]
[EventCountry "GER"]
[SourceTitle "EXT 2018"]
[Source "ChessBase"]
[SourceDate "2017.10.13"]
[SourceVersion "1"]
[SourceVersionDate "2017.10.13"]
[SourceQuality "1"]

1. Nf3 f5 2. c4 Nf6 3. g3 g6 4. Bg2 Bg7 5. 0-0 0-0 6. Nc3 d6 7. d3 e5 8. e4 f4 9. gxf4 exf4 10. e5 Ng4 11. exd6 cxd6 12. d4 Nc6 13. Re1 g5 14. Ne4 h6 15. c5 d5 16. Nd6 Nf6 17. Ne5 Ne4 18. Nxe4 Bxe5 19. dxe5 dxe4 20. Qb3+ Kg7 21. Bxe4 Re8 22. Qc2 Be6 23. Bd2 Qc7 24. Bc3 Rad8 25. b4 Nd4 26. Qb2 Nb5 27. Bd2 Rd7 28. a4 Nd4 29. Bc3 Red8 30. Rad1 Nc6 31. Rd6 Kf7 32. Qe2 g4 33. Bd5 Bxd5 34. e6+ Bxe6 35. Qxe6+ Kf8 36. Qxh6+ Rg7 37. Qh8+ Rg8 38. Qf6+ Qf7 39. Rxd8+ Nxd8 40. Qxd8+ 1-0